The analysis, design, and implementation of information systems

Αποθηκεύτηκε σε:
Λεπτομέρειες βιβλιογραφικής εγγραφής
Κύριος συγγραφέας: Lucas, Henry C.
Μορφή: Βιβλίο
Γλώσσα:English
Δημοσίευση: New York : McGraw-Hill, c1985
Έκδοση:3rd ed.
Σειρά:McGraw-Hill series in management information systems
Θέματα:
Ετικέτες: Προσθήκη ετικέτας
Δεν υπάρχουν, Καταχωρήστε ετικέτα πρώτοι!

MARC

LEADER 00000cam a2200000 i 4500
001 1/59673
008 950706s1985 eng d
020 |a 0070389292  |c $31.95 
035 |l 10028581 
040 |a GR-MY-UA  |b gre  |e aacr 
041 0 |a eng 
082 0 |a 658.4038  |2 (19) 
100 1 |a Lucas, Henry C. 
245 1 4 |a The analysis, design, and implementation of information systems /  |c Henry C. Lucas, Jr 
250 |a 3rd ed. 
260 |a New York :   |b McGraw-Hill,   |c c1985 
300 |a xii, 495 σ.;  |b εικ.;  |c 24 εκ. 
490 1 |a McGraw-Hill series in management information systems 
504 |a Βιβλιογραφία (σ.483-487) 
504 |a Περιλαμβάνει ευρετήριο 
650 0 0 |a Management information systems. 
650 0 0 |a System analysis. 
830 0 |a McGraw-Hill series in management information systems 
852 |a INST  |b CHIOS  |e 19950706  |h 658.4038 LUC  |p 005200001427  |q 005200001427  |t BK  |y 0 
909 |a Χ  |b 005470